| 000 | 00601nam a2200217 i 4500 | ||
|---|---|---|---|
| 001 | 14464 | ||
| 003 | ES-MaACL | ||
| 005 | 20230906150823.0 | ||
| 007 | t| | ||
| 008 | 990322s1930 sp ||||1| spa d | ||
| 080 | _a821.134.2-31"18" | ||
| 100 | 1 |
_aTrigo, Felipe. _9111409 |
|
| 245 | 1 | 0 |
_aEn la carrera : _b(un buen chico estudiante en Madrid) : novela / _cFelipe Trigo. |
| 250 | _a4ยช ed. | ||
| 260 |
_aMadrid : _bRenacimiento, _c1930. |
||
| 300 |
_a328 p. ; _c20 cm. |
||
| 490 | 1 | _aObras completas | |
| 830 | 1 |
_aObras completas _9176447 |
|
| 852 | 4 |
_aES-MaACL _jF-7161 |
|
| 999 |
_c14464 _d14464 |
||